Refrigeración usando ceolitas con energía no convencional

Guardat en:
Dades bibliogràfiques
Autor principal: Alpízar Arias, Mario Alberto
Format: Llibre
Publicat: [San José , Costa Rica] 1986
Matèries:
Etiquetes: Afegir etiqueta
Sense etiquetes, Sigues el primer a etiquetar aquest registre!

MARC

LEADER 00000nam a2200000Ia 4500
003 003051
005 20221231144357.0
008 140114s1986 cr a m 000 ||s d
040 |c cru CEDI 
090 |a TFG 1779 
100 |a Alpízar Arias, Mario Alberto  |9 14273 
245 |a  Refrigeración usando ceolitas con energía no convencional  
260 |c 1986  |a [San José , Costa Rica] 
300 |a  154 hojas : ilustraciones ; 26 cm  
500 |a  Proyecto de graduacion (licenciatura en ingeniería química)--Universidad de Costa Rica. Facultad de Ingeniería. Escuela de Ingeniería Química 
650 |x REFRIGERACION   |9 14274 
942 |c TFG 
999 |c 20970  |d 20970